000 00549nam a22001817a 4500
008 220207b |||||||| |||| 00| 0 eng d
020 _a1111544867
050 _aHD9000.5
_b.V36 2014
100 _aVan Fleet, David
245 _aAgribusiness
_bprinciples of management
_cDavid Van Fleet
260 _aAustralia
_bCengage learning
_c2014
300 _axviii, 556p.
650 _aAgricultural industries
_vmanagement
650 _aAgricultural industries
_vfinance
700 _aVan fleet, Ella
700 _aSeperich, George
942 _2lcc
_cBK
999 _c19188
_d19187